Azli pahlawan kecil

Bibliographic Details
Main Author: Amer Haji Matsom
Format: Book
Published: Selangor : Hasrat Murni , 2004
Series:Siri anak-anak yang berani
Subjects:

MARC

LEADER 00000cam a2200000 7i4500
001 0000001109
005 20151222.0
008 070704
020 |a 9830602222 
020 |a 9830602249(set) 
090 0 0 |a JF   |b MAL 
100 0 |a Amer Haji Matsom 
245 1 0 |a Azli pahlawan kecil   |c Amer Haji Matsom 
260 |a Selangor :   |b Hasrat Murni ,   |c 2004 
440 0 |a Siri anak-anak yang berani 
500 |a Children ages 10-12 years old (pink) 
650 0 |a Children's stories, Malay 
650 0 |a Malay fiction 
999 |a 0000913774   |b Book   |c Teenagers   |e Cawangan Bandar Tenggara 
999 |a 0000917381   |b Book   |c Children Collection   |e Cawangan Bukit Gambir 
999 |a 0000917382   |b Book   |c Children Collection   |e Cawangan Bukit Gambir 
999 |a 0000917383   |b Book   |c Children Collection   |e Cawangan Bukit Gambir 
999 |a 0000929112   |b Book   |c Children Collection   |e Cawangan Tangkak 
999 |a 0000929113   |b Book   |c Children Collection   |e Cawangan Tangkak 
999 |a 0000929114   |b Book   |c Children Collection   |e Cawangan Tangkak 
999 |a 0000956818   |b Book   |c Children Collection   |e Perbadanan Perpustakaan Awam Johor 
999 |a 0000956819   |b Book   |c Children Collection   |e Perbadanan Perpustakaan Awam Johor 
999 |a 0000956820   |b Book   |c Children Collection   |e Cawangan Tangkak 
999 |a 0000956821   |b Book   |c Children Collection   |e Cawangan Segamat 
999 |a 0000956822   |b Book   |c Children Collection   |e Perbadanan Perpustakaan Awam Johor